000 00510nam a22002057a 4500
999 _c459518
_d459518
001 216218589
003 UA-OsUOA
005 20200610113533.0
008 200610b un ||||| |||| 00| 0 ukr d
040 _aUA-OsUOA
_bukr
_cUA-OsUOA
_dUA-OsUOA
041 _aukr
080 _a821.161.1
090 _a821.161.1
_bС50
245 _aСмех на гора
_bюмор и сптира
260 _aДонецк
_bДонбас
_c1978
300 _a229 с.
650 _2821
942 _2udc
_cBK
955 _a3